00803nam a22002177a 4500999001500000001000500015003000900020005001700029008004100046040003800087082002300125245011900148260005300267300002000320505001100340650003100351650003400382710003300416942001200449952012400461 c1886d18868910BD-DhUAP20210127094229.0200217s1935 pk ||||| |||| 00| 0 eng d aBD-DhUAPbEngcBD-DhUAPdBD-DhUAP 223a347.54051 CIV  aCivil rules and orders :bfor the guidance of civil courts and officers subordinate to the high court at Calcutta. aCalcutta :bWest Bengal Government Press,c1935. aparts ;c25 cm. aP. 2-- aCourt rules zWest Bengal. aCivil procedurezWest Bengal. aAuthority of the High Court. 2ddccBK 00102ddc4070aUAPCLbUAPCLcGeneral Stacksd2020-02-17o347.54051 CIV V-2p3010008910r2020-02-17t1w2020-02-17yBK